BCIS comprehensive buildng price book major works, 2023 (Record no. 121493)
[ view plain ]
| 000 -LEADER | |
|---|---|
| fixed length control field | 01266nam a2200265 4500 |
| 001 - CONTROL NUMBER | |
| control field | 121493 |
| 008 - FIXED-LENGTH DATA ELEMENTS--GENERAL INFORMATION | |
| fixed length control field | 230517s2023 xxk||||| |||| 00| 0 eng d |
| 020 ## - INTERNATIONAL STANDARD BOOK NUMBER | |
| ISBN | 9781783214679 |
| 041 ## - LANGUAGE CODE | |
| Language code of text/sound track or separate title | eng |
| 050 ## - Library of Congress Classification | |
| Class mark | F692.5 |
| 100 ## - MAIN ENTRY--PERSONAL NAME | |
| Personal author | Building Cost Information Service |
| 245 ## - TITLE STATEMENT | |
| Title | BCIS comprehensive buildng price book major works, 2023 |
| 250 ## - EDITION | |
| Edition statement | 40th |
| 260 ## - PUBLICATION INFORMATION | |
| Place of publication | London |
| Publisher | BCIS |
| Date | 2023 |
| 300 ## - PHYSICAL DESCRIPTION | |
| Physical description | 1 v. |
| Dimensions | 30 cm |
| 520 ## - ABSTRACT | |
| Abstract | The Major works and dataset focuses predominantly on large 'new build' projects from reflecting the economies of scale found in these forms of construction. Gives you rates compiling over 500,000 price elements. Each unit rate and element has been updated on new materials and specifications have been incorporated where applicable, and includes the latest amendments to professional information, average building prices, Town & Country planning, regulation fees for applications, building regulations prescribed fees etc and cost limits and allowances. |
| 520 ## - ABSTRACT | |
| Abstract | Prices are as of second quarter 2022 |
| 520 ## - ABSTRACT | |
| Abstract | Supersedes 39th edition ISBN 9781783214198 |
| 650 ## - KEYWORDS | |
| Keywords | Building costs |
| 650 ## - KEYWORDS | |
| Keywords | Price books |
| 650 ## - KEYWORDS | |
| Keywords | Major Works |
| 651 ## - SUBJECT ADDED ENTRY--GEOGRAPHIC NAME | |
| Geographic name | United Kingdom |
| 690 ## - BROAD SUBJECT | |
| 9 (RLIN) | 6233 |
| Broad subject | Cost management |
| 942 ## - ADDED ENTRY ELEMENTS (KOHA) | |
| Suppress in OPAC | Do not suppress in OPAC |
| Lost status | Damaged status | Not for loan | Home library | Current library | Shelving location | Date acquired | Total Checkouts | Full call number | Date last seen | Price effective from | Koha item type | Public note |
|---|---|---|---|---|---|---|---|---|---|---|---|---|
| London | London | BCIS/BMI publications | 16/05/2023 | BCIS | 17/05/2023 | 17/05/2023 | Book | To request extracts (max 5%) please email [email protected] |